FAO fisheries report N.541, supplement: Report of the symposium on social, economic and management aspect of recreational fisheries, hed in connection with the European Inland Fisheries Advisory Commission nineteenth session, held at Dublin, Ireland, 11-19 June 1996
שמור ב:
| מחבר ראשי: | |
|---|---|
| פורמט: | ספר |
| שפה: | Undetermined |
| יצא לאור: |
Rome
FAO
1997
|
| נושאים: | |
| תגים: |
הוספת תג
אין תגיות, היה/י הראשונ/ה לתייג את הרשומה!
|
| Thư viện lưu trữ: | Trung tâm Học liệu Trường Đại học Cần Thơ |
|---|
| LEADER | 00704nam a2200181Ia 4500 | ||
|---|---|---|---|
| 001 | CTU_16625 | ||
| 008 | 210402s9999 xx 000 0 und d | ||
| 082 | |a 639 | ||
| 082 | |b R425/N541sup | ||
| 100 | |a EIFAC | ||
| 245 | 0 | |a FAO fisheries report N.541, supplement: Report of the symposium on social, economic and management aspect of recreational fisheries, hed in connection with the European Inland Fisheries Advisory Commission nineteenth session, held at Dublin, Ireland, 11-19 June 1996 | |
| 245 | 0 | |c EIFAC, FAO | |
| 260 | |a Rome | ||
| 260 | |b FAO | ||
| 260 | |c 1997 | ||
| 650 | |a fisheries | ||
| 904 | |i Nguyễn Quang Điền, 970530 | ||
| 980 | |a Trung tâm Học liệu Trường Đại học Cần Thơ | ||